| 000 | 00000nam##2200000za#4500 |
| 001 | 9.682094 |
| 003 | CaOODSP |
| 005 | 20210615132717 |
| 007 | ta |
| 008 | 150407|2003||||xxc||||| f|0| 0 fre|d |
| 020 | |a0-662-88668-2 |
| 040 | |aCaOODSP|bfre |
| 043 | |an-cn--- |
| 086 | 1 |aH68-27/2002F |
| 110 | 1 |aCanada.|bSanté Canada. |bConsei national du bien-être social. |
| 245 | 10|aRevenus de bien-être social, 2002 : |brapport du Conseil national du bien-être social |
| 260 | |aOttawa - Ontario : |bSanté Canada. |c2003. |
| 300 | |aviii, 87p. : |bfigures, tableaux ; |c28 cm. |
| 563 | |aCouverture souple |
| 590 | |a03-18|b2003-05-02 |
| 775 | 08|tWelfare incomes, 2002 : |w(CaOODSP)9.648836 |
| 986 | |aRapport du Conseil national du bien-être social, Volume #119 |